| 000 | 00408 a2200109 4500 | ||
|---|---|---|---|
| 001 | ART_41856 | ||
| 005 | 20260410162024.0 | ||
| 008 | 260409a | ||
| 245 | 1 | 0 | _aIncidencia de las características de la red de apoyo en la ayuda total recibida por las personas mayores |
| 100 | 1 | _aSilva Corrêa, Cristiane | |
| 773 | 0 |
_tNotas de población _g- Año XLIII, Nº 103 (jul./dic. 2016) _wREV41841 |
|
| 999 |
_c33362 _d33362 |
||